Normal view MARC view
  • Spirits rebellious; tr. from the Arabic, and with an introd

Entry Topical Term

Number of records used in: 2

001 - CONTROL NUMBER

  • control field: 107603

003 - CONTROL NUMBER IDENTIFIER

  • control field: NUST

005 - DATE AND TIME OF LATEST TRANSACTION

  • control field: 20230125103732.0

008 - FIXED-LENGTH DATA ELEMENTS

  • fixed length control field: 230125|| aca||aabn | a|a d

040 ## - CATALOGING SOURCE

  • Original cataloging agency: NUST
  • Transcribing agency: NUST

150 ## - HEADING--TOPICAL TERM

  • Topical term or geographic name entry element: Spirits rebellious; tr. from the Arabic, and with an introd

670 ## - SOURCE DATA FOUND

  • Source citation: Work cat.: (NUST)185043: Gibran, Kahlil, 10190, Spirits rebellious : , 1948
© 2023 Central Library, National University of Sciences and Technology. All Rights Reserved.